01460nam a2200349 a 450000100060000000300080000600500170001400800410003102000150007202000150008702000150010202000150011702000280013202000280016002000280018803500510021604000370026704100080030408200290031210000350034124501630037626000610053930000340060050400530063450501400068765000330082765100360086065100400089694200120093699900170094895201450096532581BD-RjUL20211209051847.0140427s1974 ilua b 001 0 eng d a0226346773 a0226346781 a0226346803 a0226346811 a0226346846 (pbk., v. 2) a0226346838 (pbk., v. 1) a0226346854 (pbk., v. 3) a(BD-RjUL)32670aOCLC ocm01349634 from D951027M aDLCcDLCdUKMdEQOdBD-RjULbeng aeng00a909.097671bHOV V-2 19741 aHodgson, Marshall G. S.99911614aThe venture of Islam :bconscience and history in a world civilization /cMarshall G. S. Hodgson.nVolume Two :pThe expansion of islam in the middle periods. aChicago ;aLondon :bUniversity of Chicago Press,c1974. avii, 609 p. :bill. ;c24 cm. aIncludes bibliographical references and indexes.0 av. 1. The classical age of Islam -- v. 2. The expansion of islam in the middle periods -- v. 3. The gunpowder empires and modern times. 0aIslamic civilization.999117 0aIslamic EmpirexHistory.999118 0aMiddle EastxHistoryy1517-.999119 2ddccBK c32581d32581 00102ddc40718NFICaRUCLbRUCLcReadingd1982-04-08eHeffers.g5.60l0o909.097671 HOV V-2 1974r2014-04-27 00:00:00tC-1w2014-04-27yBK